000
00218nam a2200097Ia 4500
008
240625s9999 xx 000 0 und d
041
_a
eng
100
_a
DIGIT
245
_a
MICROSOFT VISUAL STUDIO BETA 2
260
_c
1909
999
_c
34575
_d
34575